| 000 | 01659cam a2200277zu 4500 | ||
|---|---|---|---|
| 001 | 88948593 | ||
| 003 | FRCYB88948593 | ||
| 005 | 20251020125626.0 | ||
| 006 | m o d | ||
| 007 | cr un | ||
| 008 | 251020s2023 fr | o|||||0|0|||fre d | ||
| 020 | _a9782416013249 | ||
| 035 | _aFRCYB88948593 | ||
| 040 |
_aFR-PaCSA _bfr _c _erda |
||
| 100 | 1 | _aBoniface, Pascal | |
| 245 | 0 | 1 |
_aLa géopolitique _b50 fiches pour comprendre l'actualité / 170 000 exemplaires vendus _c['Boniface, Pascal'] |
| 264 | 1 |
_bEyrolles _c2023 |
|
| 300 | _a p. | ||
| 336 |
_btxt _2rdacontent |
||
| 337 |
_bc _2rdamdedia |
||
| 338 |
_bc _2rdacarrier |
||
| 650 | 0 | _a | |
| 700 | 0 | _aBoniface, Pascal | |
| 856 | 4 | 0 |
_2Cyberlibris _uhttps://international.scholarvox.com/netsen/book/88948593 _qtext/html _a |
| 520 | _aLa géopolitique n'est plus réservée aux spécialistes, elle touche désormais le grand public au quotidien. Ce livre a pour but de permettre à chacun de disposer d'une initiation rapide et accessible à la géopolitique. Pédagogique, ce livre commence par définir ce qu'est la géopolitique. Pratique, il propose ensuite 50 fiches thématiques et documentées pour dresser un panorama des conflits (de l'Ukraine à la mer de Chine), des problématiques et des tendances du monde actuel (le duel États-Unis/ Chine, la gouvernance mondiale, le soft power, etc.). Il constitue une synthèse d'introduction et de référence sur le sujet. Cette nouvelle édition comprend des cartes mises à jour et des textes inédits, ainsi que l'accès à 20 vidéos explicatives de l'auteur. Les défis Les crises Les tendances Les questions | ||
| 999 |
_c1558613 _d1558613 |
||